| 000 | 01209nam a2200301 a 4500 | ||
|---|---|---|---|
| 001 | 000042865 | ||
| 003 | DO-SdBNP | ||
| 005 | 20221128100815.0 | ||
| 008 | 140211s2010 sp a 000 0 spa d | ||
| 020 | _a9788476358153 | ||
| 040 |
_aDO-SdBNP _bspa _cBNPHU |
||
| 049 | _aBNPD | ||
| 082 |
_a928.6 _bT656g |
||
| 111 | 1 |
_aGrand Séminaire de Neuchâtel = Coloquio Internacional Javier Tomeo _d(2007, 5-6 nov : _cNeuchâtel, Suiza) _970268 |
|
| 245 | 1 | 0 | _aJavier Tomeo. |
| 260 |
_aMadrid : _aNeuchâtel, Suiza : _bCentro de Investigación de Narrativa Española : _bUniversité de Neuchâtel, _c2010. _fArco/Libros |
||
| 300 |
_a220 p. : _bil. ; _c22 cm. |
||
| 490 | 1 | _aCuadernos de Narrativa | |
| 504 | _aIncluye bibliografía y notas al pie de páginas. | ||
| 504 | _aBibliografía: p. 199-220 | ||
| 600 | 1 | 4 |
_aTomeo, Javier, _d1931- _xCrítica e interpretación _970269 |
| 650 | 4 |
_aAutores españoles _xCrítica e interpretación _xEnsayos, conferencias, etc. _970270 |
|
| 650 | 4 |
_aLiteratura española _xHistoria y crítica _93904 |
|
| 650 | 4 |
_aNovela española _xHistoria y crítica _912614 |
|
| 830 | 0 |
_aCuadernos de Narrativa _970271 |
|
| 910 | _aValidado. Control de calidad EMS | ||
| 942 |
_2ddc _cLBS1 |
||
| 999 |
_c42354 _d42354 |
||